[Event "American Cup Blitz 2023"]
[Site "Saint Louis USA"]
[Date "2023.03.26"]
[Round "6.1"]
[White "Aronian, Levon"]
[Black "Caruana, Fabiano"]
[Result "1/2-1/2"]
[WhiteTitle "GM"]
[BlackTitle "GM"]
[WhiteElo "2745"]
[BlackElo "2766"]
[WhiteFideId "13300474"]
[BlackFideId "2020009"]
[EventDate "2023.03.26"]

1. e4 e5 2. Nf3 Nc6 3. Bb5 a6 4. Ba4 Nf6 5. O-O b5 6. Bb3 Bc5 7. d3 h6 8. c3 d6
9. Re1 O-O 10. Nbd2 Bb6 11. Nf1 Ne7 12. Be3 Bxe3 13. Nxe3 c5 14. Nh4 g6 15. Rf1
g5 16. Qf3 Kg7 17. Nhf5+ Nxf5 18. Nxf5+ Bxf5 19. Qxf5 Rb8 20. g3 Qc8 21. Qf3 a5
22. a3 a4 23. Ba2 Qh3 24. Qe2 Rbd8 25. f3 Rfe8 26. Rf2 d5 27. exd5 Nxd5 28. Re1
Nf6 29. Qe3 Qc8 30. Rfe2 Qc7 31. Bb1 c4 32. Rd2 cxd3 33. Rxd3 Rd7 34. Rxd7 Qxd7
35. Bd3 g4 36. Be2 gxf3 37. Bxf3 e4 38. Be2 Re5 39. Rf1 Rf5 40. Rxf5 Qxf5 41.
Kg2 Qd5 42. Qd4 Qb3 43. c4 bxc4 44. Bxc4 Qc2+ 45. Kh3 e3 46. Qc3 Qxc3 47. bxc3
Ne4 48. Kg2 Nxc3 49. Kf3 Kf6 50. Kxe3 Ke5 51. Bxf7 Nb5 52. Be8 Nxa3 53. Bxa4
Nc4+ 54. Kf3 Kf6 55. Ke4 Nd6+ 56. Kd5 Nf5 57. Bd7 Ne3+ 58. Ke4 Nf1 59. Kf3 Nd2+
60. Ke2 Nc4 61. Bb5 Ne5 62. Kf2 Ng4+ 63. Kg2 Ne3+ 64. Kf3 Nf5 65. Bd3 Nd4+ 66.
Ke4 Ne6 67. Bc4 Nc5+ 68. Kf4 Nd7 69. Bb5 Ne5 70. Be2 Nd7 71. Ke4 Ne5 72. Kd5 Ng6
73. Kd6 Ne5 74. h3 Nf7+ 75. Kd5 Ng5 76. Bf1 Nf3 77. Kd6 Ng5 78. Bg2 Nf7+ 79. Kd7
Ne5+ 80. Ke8 Kg7 81. Ke7 Nc4 82. Ke6 Ne3 83. Be4 Nf1 84. g4 Nd2 85. Bd5 Nf1 86.
Ke5 Ne3 87. Bb3 Ng2 88. Bc2 Ne3 89. Bd3 Nd1 90. Kd4 Kf6 91. Be2 Nf2 92. h4 Nxg4
93. Bxg4 h5 94. Bxh5 Kg7 95. Ke5 Kh8 96. Kf6 Kg8 97. Bf7+ Kh8 98. Kg6 1/2-1/2

[Event "American Cup Blitz 2023"]
[Site "Saint Louis USA"]
[Date "2023.03.26"]
[Round "6.2"]
[White "Sevian, Samuel"]
[Black "Dominguez Perez, Leinier"]
[Result "1/2-1/2"]
[WhiteTitle "GM"]
[BlackTitle "GM"]
[WhiteElo "2687"]
[BlackElo "2743"]
[WhiteFideId "2040506"]
[BlackFideId "3503240"]
[EventDate "2023.03.26"]

1. c4 c5 2. Nc3 g6 3. g3 Bg7 4. Bg2 Nc6 5. d3 d6 6. e4 e6 7. Nge2 Nge7 8. h4 h6
9. h5 g5 10. f4 g4 11. Be3 Nd4 12. Nb5 Nxb5 13. cxb5 Bxb2 14. Rb1 Bg7 15. d4
cxd4 16. Nxd4 e5 17. Ne2 f5 18. Qb3 d5 19. exd5 e4 20. Rd1 Qd6 21. O-O Bd7 22.
Rf2 Rc8 23. Bf1 O-O 24. Nd4 Kh7 25. Nc6 Rfe8 26. Rc2 bxc6 27. Bc5 Qf6 28. dxc6
Be6 29. Qa3 Nxc6 30. bxc6 Rxc6 31. Rcd2 Qf7 32. Bd4 Bxd4+ 33. Rxd4 Qe7 34. Qa5
Qc5 35. Qa4 Rd8 36. Kh2 Rxd4 37. Rxd4 Qc2+ 38. Kg1 Qxa4 39. Rxa4 Rc7 40. Ra6 Re7
41. Kf2 Kg7 42. Ke3 Bf7 43. Ra5 Kf6 44. Ra6+ Kg7 45. Ra5 Be6 46. Ra6 Kf7 47. Bb5
Rb7 48. a4 Re7 49. Kd4 Kg7 50. Ra5 Bf7 51. Be2 Kf6 52. Ra6+ Kg7 53. Ra5 Rd7+ 54.
Ke3 Kf6 55. Ra6+ Kg7 56. Ra5 Be6 57. Ra6 Kf7 58. Bb5 Re7 59. Be2 Rc7 60. Kd4 Re7
61. Ke3 Rc7 62. Kd4 1/2-1/2

[Event "American Cup Blitz 2023"]
[Site "Saint Louis USA"]
[Date "2023.03.26"]
[Round "6.3"]
[White "Hakobyan, Aram"]
[Black "Robson, Ray"]
[Result "0-1"]
[WhiteTitle "GM"]
[BlackTitle "GM"]
[WhiteElo "2620"]
[BlackElo "2702"]
[WhiteFideId "13306677"]
[BlackFideId "2023970"]
[EventDate "2023.03.26"]

1. e4 e5 2. Nf3 Nc6 3. Bc4 Nf6 4. d3 Bc5 5. O-O O-O 6. h3 h6 7. Re1 d6 8. c3 a5
9. Nbd2 a4 10. Nf1 Bd7 11. Bb5 Ne7 12. Bxd7 Nxd7 13. d4 Bb6 14. Ng3 f5 15. exf5
Nxf5 16. Nxf5 Rxf5 17. Be3 e4 18. Nd2 d5 19. Qg4 Rf6 20. f3 exf3 21. Nxf3 c6 22.
Bf4 Nf8 23. Nh4 Qd7 24. Qg3 Ne6 25. Be5 Rf7 26. Ng6 Ng5 27. Rf1 Qe6 28. Nh4 Raf8
29. Rxf7 Rxf7 30. Kh2 Ne4 31. Qg6 Qxg6 32. Nxg6 Rf2 33. Ne7+ Kf7 34. Nc8 Bd8 35.
Rb1 Ke6 36. b3 a3 37. Ra1 Kd7 38. Na7 Bb6 0-1

[Event "American Cup Blitz 2023"]
[Site "Saint Louis USA"]
[Date "2023.03.26"]
[Round "6.4"]
[White "Bok, Benjamin"]
[Black "Akobian, Varuzhan"]
[Result "1-0"]
[WhiteTitle "GM"]
[BlackTitle "GM"]
[WhiteElo "2607"]
[BlackElo "2591"]
[WhiteFideId "1017063"]
[BlackFideId "13300580"]
[EventDate "2023.03.26"]

1. c4 e6 2. g3 d5 3. Bg2 Nf6 4. Nf3 dxc4 5. Qa4+ Bd7 6. Qxc4 c5 7. d4 Bc6 8.
dxc5 Nbd7 9. Be3 Rc8 10. O-O Bxc5 11. Bxc5 Bxf3 12. Bxf3 Rxc5 13. Qb4 b6 14. Nc3
O-O 15. Rfd1 Qb8 16. Rd2 Ne5 17. Bg2 Rfc8 18. Rad1 Nc4 19. Rd4 g6 20. Nb5 a5 21.
Qb3 Qe5 22. Na7 R8c7 23. Nc6 Qxe2 24. Bf3 Qxb2 25. Rxc4 Qxb3 26. axb3 Rb5 27.
Rd8+ Kg7 28. Nd4 Rxc4 29. bxc4 Rb4 30. Be2 Rb2 31. Kf1 Ne4 32. Ra8 e5 33. Nc6
Nc3 34. Bg4 a4 35. Ra7 h5 36. Be6 Kf6 37. Bxf7 Ne4 38. h4 a3 39. Bd5 a2 40. Rf7# 1-0

[Event "American Cup Blitz 2023"]
[Site "Saint Louis USA"]
[Date "2023.03.26"]
[Round "7.1"]
[White "Caruana, Fabiano"]
[Black "Robson, Ray"]
[Result "1-0"]
[WhiteTitle "GM"]
[BlackTitle "GM"]
[WhiteElo "2766"]
[BlackElo "2702"]
[WhiteFideId "2020009"]
[BlackFideId "2023970"]
[EventDate "2023.03.26"]

1. e4 e5 2. Nf3 Nc6 3. Bb5 a6 4. Ba4 Nf6 5. O-O b5 6. Bb3 Bb7 7. d3 Be7 8. c4
O-O 9. Nc3 bxc4 10. Bxc4 d6 11. a3 Bc8 12. h3 Be6 13. Nd5 Na5 14. Nxf6+ Bxf6 15.
Bxe6 fxe6 16. b4 Nc6 17. Be3 Ne7 18. Rc1 Qd7 19. Qb3 Rfc8 20. d4 exd4 21. Bxd4
Kh8 22. e5 dxe5 23. Bxe5 Nd5 24. Rfe1 a5 25. b5 a4 26. Qc4 Re8 27. Rcd1 Qe7 28.
Rd3 Rad8 29. Qxa4 Qc5 30. Bxf6 gxf6 31. Qb3 Nf4 32. Rxd8 Rxd8 33. Qe3 Qf5 34.
Qe4 Nxh3+ 35. gxh3 Qxh3 36. Nh2 Rd5 37. Kh1 Re5 38. Qa8+ Kg7 39. Rxe5 fxe5 40.
Qg2+ 1-0

[Event "American Cup Blitz 2023"]
[Site "Saint Louis USA"]
[Date "2023.03.26"]
[Round "7.2"]
[White "Sevian, Samuel"]
[Black "Aronian, Levon"]
[Result "0-1"]
[WhiteTitle "GM"]
[BlackTitle "GM"]
[WhiteElo "2687"]
[BlackElo "2745"]
[WhiteFideId "2040506"]
[BlackFideId "13300474"]
[EventDate "2023.03.26"]

1. c4 Nf6 2. Nc3 e5 3. Nf3 Nc6 4. a3 g6 5. g3 Bg7 6. Bg2 O-O 7. O-O d5 8. cxd5
Nxd5 9. d3 Nde7 10. Bd2 h6 11. Rc1 Nd4 12. Nxd4 exd4 13. Ne4 Nd5 14. Rc5 c6 15.
Rc2 Re8 16. Re1 a5 17. Qc1 Kh7 18. b4 axb4 19. axb4 Nc7 20. Nc5 Nb5 21. Nb3 Be6
22. Na5 Qe7 23. Rc5 Nd6 24. Bf4 Rad8 25. Bf3 Bh3 26. Rc2 g5 27. Bxd6 Rxd6 28. b5
cxb5 29. Rc7 Qf6 30. Nxb7 Rde6 31. Be4+ Bf5 32. Nc5 R6e7 33. Bxf5+ Qxf5 34. Ne4
Qe6 35. Rc6 Qd7 36. Nd6 Re6 37. Qc5 Rd8 38. Qf5+ 0-1

[Event "American Cup Blitz 2023"]
[Site "Saint Louis USA"]
[Date "2023.03.26"]
[Round "7.3"]
[White "Dominguez Perez, Leinier"]
[Black "Bok, Benjamin"]
[Result "1-0"]
[WhiteTitle "GM"]
[BlackTitle "GM"]
[WhiteElo "2743"]
[BlackElo "2607"]
[WhiteFideId "3503240"]
[BlackFideId "1017063"]
[EventDate "2023.03.26"]

1. e4 c5 2. Nf3 d6 3. d4 cxd4 4. Nxd4 Nf6 5. Nc3 a6 6. Be3 e5 7. Nb3 Be6 8. f3
Be7 9. Qd2 O-O 10. O-O-O Nbd7 11. g4 b5 12. g5 Nh5 13. Kb1 Nb6 14. Na5 Qc7 15.
a3 g6 16. h4 Rab8 17. Nd5 Nxd5 18. exd5 Bxd5 19. Qxd5 Qxa5 20. Bc4 Qc7 21. Ba2
Qc8 22. f4 exf4 23. Bf2 Qf5 24. Qf3 Rbc8 25. Bb3 Rfe8 26. Rd5 Qd7 27. Rhd1 Bf8
28. R5d4 Qf5 29. R1d3 Re5 30. Ka2 Rce8 31. Rd2 a5 32. a4 bxa4 33. Bxa4 Rb8 34.
Bb3 Bg7 35. Qc6 Ree8 36. Rd5 Qg4 37. Rxa5 Rec8 38. Qd5 Rf8 39. Ra7 Qf5 40. Qxf5
gxf5 41. Rd5 Ng3 42. Be1 Ra8 43. Rxa8 Rxa8+ 44. Kb1 Re8 45. Rd1 Re2 46. Bc4 Rg2
47. Rxd6 Rg1 48. Rd8+ Bf8 49. Re8 f3 50. Ka2 Ne4 51. Bb4 f2 52. Bxf8 h5 53. Bc5+
Kh7 54. Bd4 Rd1 55. Rh8+ Kg6 56. Rh6# 1-0

[Event "American Cup Blitz 2023"]
[Site "Saint Louis USA"]
[Date "2023.03.26"]
[Round "7.4"]
[White "Quesada Perez, Yasser"]
[Black "Shankland, Sam"]
[Result "1/2-1/2"]
[WhiteTitle "GM"]
[BlackTitle "GM"]
[WhiteElo "2604"]
[BlackElo "2710"]
[WhiteFideId "3509362"]
[BlackFideId "2004887"]
[EventDate "2023.03.26"]

1. e4 c5 2. Nc3 Nc6 3. Bb5 Nd4 4. Bc4 Nf6 5. Nge2 e6 6. O-O a6 7. d3 b5 8. Bb3
Nxb3 9. axb3 Bb7 10. f4 d5 11. e5 d4 12. exf6 dxc3 13. f5 Qxf6 14. fxe6 Qxe6 15.
Nf4 Qd7 16. Re1+ Be7 17. Qe2 Kf8 18. bxc3 Re8 19. Qf2 Qf5 20. Ba3 Bd6 21. Rxe8+
Kxe8 22. Rf1 Kd7 23. d4 b4 24. Bb2 Re8 25. Nd3 Qxf2+ 26. Rxf2 bxc3 27. Bxc3 cxd4
28. Bxd4 f6 29. Nc5+ Bxc5 30. Bxc5 Be4 31. Rd2+ Kc6 32. Ba3 Re6 33. Kf2 g5 34.
g3 f5 35. c4 a5 36. Bb2 Kb6 37. Bd4+ Ka6 38. Bc5 Rc6 39. Be3 h6 40. Rd8 Re6 41.
Rd7 Bb7 42. Bc5 f4 43. gxf4 gxf4 44. Rd6+ Rxd6 1/2-1/2

[Event "American Cup Blitz 2023"]
[Site "Saint Louis USA"]
[Date "2023.03.26"]
[Round "8.1"]
[White "Dominguez Perez, Leinier"]
[Black "Caruana, Fabiano"]
[Result "0-1"]
[WhiteTitle "GM"]
[BlackTitle "GM"]
[WhiteElo "2743"]
[BlackElo "2766"]
[WhiteFideId "3503240"]
[BlackFideId "2020009"]
[EventDate "2023.03.26"]

1. e4 e5 2. Nf3 Nc6 3. Bb5 a6 4. Ba4 Nf6 5. O-O b5 6. Bb3 Bc5 7. c3 d6 8. d4 Bb6
9. Be3 O-O 10. Nbd2 Rb8 11. Re1 h6 12. h3 Re8 13. a3 a5 14. a4 exd4 15. cxd4
bxa4 16. Bxa4 Bd7 17. Qb1 Nb4 18. Bxd7 Qxd7 19. Ra3 Re7 20. d5 Bxe3 21. Raxe3 c6
22. dxc6 Nxc6 23. Nc4 Qe6 24. Qd3 Nb4 25. Qe2 Rc7 26. Rc3 Nxe4 27. Qxe4 Qxe4 28.
Rxe4 d5 29. Rd4 Rxc4 30. Rdxc4 dxc4 31. Rxc4 Nd3 32. Ra4 Rb5 33. b3 Rxb3 34.
Rxa5 Rb1+ 35. Kh2 Nxf2 36. Ra8+ Kh7 37. Ra7 f6 38. Nd4 Rh1+ 39. Kg3 Ne4+ 40. Kf4
Ng5 41. Ke3 Re1+ 42. Kf2 Re5 43. Nf3 Ne4+ 44. Kg1 Re8 45. Nd4 Kg6 46. Nf3 h5 47.
Nh4+ Kg5 48. Nf3+ Kh6 49. Rd7 Ng3 50. Kf2 Ne4+ 51. Kg1 Ra8 52. Nd4 Ra5 53. Re7
Ng3 54. Ne2 Ra1+ 55. Kf2 Nf5 56. Re8 Ra2 57. Kg1 h4 58. Re4 g5 59. Re8 Kg6 60.
Re4 Ra1+ 61. Kf2 Nd6 62. Re6 Nf5 63. Re4 Rb1 64. Re6 Kf7 65. Re4 Ra1 66. Rc4 Ra2
67. Kf3 Kg6 68. Re4 Rxe2 69. Kxe2 Ng3+ 70. Kf3 Nxe4 71. Kxe4 Kg7 72. Kf5 Kf7 73.
Kg4 Kg6 74. g3 hxg3 75. Kxg3 Kh5 76. Kg2 Kh4 77. Kh2 g4 78. hxg4 Kxg4 79. Kg1
Kf3 80. Kf1 f5 0-1

[Event "American Cup Blitz 2023"]
[Site "Saint Louis USA"]
[Date "2023.03.26"]
[Round "8.2"]
[White "Aronian, Levon"]
[Black "Durarbayli, Vasif"]
[Result "1-0"]
[WhiteTitle "GM"]
[BlackTitle "GM"]
[WhiteElo "2745"]
[BlackElo "2635"]
[WhiteFideId "13300474"]
[BlackFideId "13402935"]
[EventDate "2023.03.26"]

1. e4 e5 2. Nf3 Nc6 3. Bb5 a6 4. Ba4 Nge7 5. Nc3 Ng6 6. h4 b5 7. Bb3 Be7 8. h5
Nf4 9. d4 Nxg2+ 10. Kf1 Nf4 11. d5 Na5 12. Nxe5 Bg5 13. d6 Nxb3 14. axb3 O-O 15.
Nf3 Bh6 16. Nd5 Nxd5 17. Bxh6 Nf6 18. Rg1 Nxh5 19. Qd4 f6 20. Qd5+ Kh8 21. Be3
f5 22. Qxa8 c6 23. Qa7 fxe4 24. Ng5 h6 25. Nxe4 Qh4 26. Qd4 c5 27. Nxc5 Qh3+ 28.
Ke2 Nf6 29. Rae1 1-0

[Event "American Cup Blitz 2023"]
[Site "Saint Louis USA"]
[Date "2023.03.26"]
[Round "8.3"]
[White "Robson, Ray"]
[Black "Sevian, Samuel"]
[Result "1-0"]
[WhiteTitle "GM"]
[BlackTitle "GM"]
[WhiteElo "2702"]
[BlackElo "2687"]
[WhiteFideId "2023970"]
[BlackFideId "2040506"]
[EventDate "2023.03.26"]

1. d4 Nf6 2. c4 g6 3. Nc3 Bg7 4. e4 O-O 5. Nf3 d6 6. Be2 e5 7. d5 a5 8. Be3 Ng4
9. Bg5 f6 10. Bh4 Nh6 11. Nd2 Na6 12. Bd3 Nc5 13. Bc2 Bd7 14. f3 Qe8 15. Qe2 a4
16. a3 Ra5 17. O-O-O b5 18. Bf2 bxc4 19. Nxc4 Bb5 20. Bxc5 Bxc4 21. Qxc4 Rxc5
22. Qxa4 Qb8 23. Rd3 Nf7 24. b4 Bh6+ 25. Kb1 Bd2 26. Ne2 Bh6 27. Nc3 Bd2 28.
Rxd2 Rxc3 29. Rd3 Rxd3 30. Bxd3 Qb6 31. Rc1 Rb8 32. Qc6 Qe3 33. Rc3 Qg1+ 34. Kb2
Qxg2+ 35. Bc2 Qxh2 36. Qxc7 Rf8 37. b5 h5 38. b6 Qf2 39. b7 Qa7 40. Qd7 Qb6+ 41.
Ka2 Nd8 1-0

[Event "American Cup Blitz 2023"]
[Site "Saint Louis USA"]
[Date "2023.03.26"]
[Round "8.4"]
[White "Bok, Benjamin"]
[Black "Hakobyan, Aram"]
[Result "0-1"]
[WhiteTitle "GM"]
[BlackTitle "GM"]
[WhiteElo "2607"]
[BlackElo "2620"]
[WhiteFideId "1017063"]
[BlackFideId "13306677"]
[EventDate "2023.03.26"]

1. d4 Nf6 2. c4 g6 3. g3 d6 4. Bg2 Bg7 5. Nc3 O-O 6. Nf3 Bf5 7. Nh4 Bc8 8. O-O
a5 9. Nf3 Bf5 10. Nh4 Bc8 11. h3 Nc6 12. Nf3 Bf5 13. Nh4 Bd7 14. Nf3 Re8 15. b3
Qc8 16. Kh2 e5 17. dxe5 dxe5 18. Bb2 e4 19. Ne1 h5 20. Nc2 Ne5 21. Ne3 c6 22.
Qd2 h4 23. Rad1 Bh6 24. Na4 hxg3+ 25. Kg1 Qc7 26. fxg3 Nh5 27. Kh2 Nxg3 28. Qd6
Nxf1+ 29. Nxf1 Nf3+ 30. Kh1 Qxd6 31. Rxd6 Rad8 32. exf3 exf3 33. Bxf3 Bxh3 34.
Rxd8 Rxd8 35. Bg2 Bf5 36. Ng3 Rd1+ 37. Kh2 Bf4 38. Nc3 Rd2 39. Ba3 Rc2 40. Nd1
Be4 41. Ne3 Bxg2 42. Nxg2 Rxa2 43. Bc5 Rb2 44. Bd4 Bxg3+ 45. Kxg3 Rxb3+ 46. Kf2
a4 47. Ne3 a3 48. Ng4 f5 49. Nf6+ Kf7 50. Nd7 a2 51. Nc5 Rb1 52. Kf3 a1=Q 0-1

[Event "American Cup Blitz 2023"]
[Site "Saint Louis USA"]
[Date "2023.03.26"]
[Round "9.1"]
[White "Hakobyan, Aram"]
[Black "Caruana, Fabiano"]
[Result "0-1"]
[WhiteTitle "GM"]
[BlackTitle "GM"]
[WhiteElo "2620"]
[BlackElo "2766"]
[WhiteFideId "13306677"]
[BlackFideId "2020009"]
[EventDate "2023.03.26"]

1. d4 Nf6 2. c4 e6 3. Nc3 Bb4 4. e3 O-O 5. a3 Bxc3+ 6. bxc3 d6 7. Ne2 e5 8. Ng3
Re8 9. Bd3 Nc6 10. O-O b6 11. d5 e4 12. dxc6 exd3 13. Qxd3 Ng4 14. e4 Qh4 15. h3
Ne5 16. Qd1 Be6 17. Re1 Nxc6 18. Be3 Ne5 19. Bd4 Nxc4 20. Qd3 c5 21. Be3 Rad8
22. Qc2 h6 23. a4 d5 24. Rad1 dxe4 25. Rxd8 Rxd8 26. Qxe4 Qxe4 27. Nxe4 Bf5 28.
Ng3 Bc2 29. Bf4 Bxa4 30. Re7 a5 31. Ra7 Bc6 32. Nf5 Be4 33. Ne7+ Kh7 34. f3 Ra8
35. Rc7 Bg6 0-1

[Event "American Cup Blitz 2023"]
[Site "Saint Louis USA"]
[Date "2023.03.26"]
[Round "9.2"]
[White "Robson, Ray"]
[Black "Aronian, Levon"]
[Result "0-1"]
[WhiteTitle "GM"]
[BlackTitle "GM"]
[WhiteElo "2702"]
[BlackElo "2745"]
[WhiteFideId "2023970"]
[BlackFideId "13300474"]
[EventDate "2023.03.26"]

1. d4 Nf6 2. c4 e6 3. Nf3 d5 4. g3 dxc4 5. Bg2 c5 6. O-O Nc6 7. dxc5 Qxd1 8.
Rxd1 Bxc5 9. Nbd2 c3 10. bxc3 O-O 11. Nb3 Be7 12. c4 Bd7 13. a4 Rfd8 14. Be3 Be8
15. Nfd4 h6 16. Nxc6 Bxc6 17. Bxc6 bxc6 18. Na5 Rdc8 19. Rab1 Ne4 20. Rd3 Bc5
21. Kg2 Bxe3 22. Rxe3 Nc5 23. Ra3 Kf8 24. Raa1 Ke7 25. Nb7 Na6 26. Rb2 Rc7 27.
Rab1 Rb8 28. Kf3 f5 29. h3 g5 30. g4 Rf8 31. Kg3 Rfc8 32. Na5 Nc5 33. Ra2 Ne4+
34. Kg2 Nc3 35. Raa1 Nxb1 36. Rxb1 Rd7 37. Kf3 Kf6 38. c5 Rd5 39. Rc1 Rc7 40. e3
Kg6 41. Rc2 h5 42. Kg3 fxg4 43. hxg4 h4+ 44. Kg2 Kf6 45. Nb3 Rcd7 46. Nd4 Rxd4
47. exd4 Rxd4 48. f3 Rxa4 49. Rb2 Rc4 50. Ra2 Rxc5 51. Rxa7 Rc2+ 52. Kh3 c5 53.
Ra4 c4 54. Ra3 Rd2 55. Rc3 Rd4 56. Rc2 Ke5 57. Re2+ Kd5 58. Rc2 Rd3 59. Kg2 c3
60. Rc1 Kd4 61. f4 Rg3+ 62. Kf2 gxf4 63. Ra1 0-1

[Event "American Cup Blitz 2023"]
[Site "Saint Louis USA"]
[Date "2023.03.26"]
[Round "9.3"]
[White "Theodorou, Nikolas"]
[Black "Dominguez Perez, Leinier"]
[Result "0-1"]
[WhiteTitle "GM"]
[BlackTitle "GM"]
[WhiteElo "2584"]
[BlackElo "2743"]
[WhiteFideId "4262875"]
[BlackFideId "3503240"]
[EventDate "2023.03.26"]

1. e4 c5 2. Nf3 d6 3. Bb5+ Nd7 4. a4 Nf6 5. Nc3 g6 6. O-O Bg7 7. a5 O-O 8. a6
bxa6 9. Bxa6 Qb6 10. Bxc8 Rfxc8 11. d3 e6 12. h3 a5 13. Ra2 Qc6 14. b3 Nb6 15.
Bb2 a4 16. Nxa4 Nxa4 17. bxa4 Rxa4 18. Rxa4 Qxa4 19. Qa1 Qxa1 20. Rxa1 c4 21.
Kf1 cxd3 22. cxd3 d5 23. Re1 dxe4 24. dxe4 Nd7 25. Bxg7 Kxg7 26. g3 Rc4 27. Kg2
Nc5 28. e5 Rc2 29. Re3 h6 30. h4 Ra2 31. Nd4 Nd7 32. Nf3 Nb6 33. Rb3 Nd5 34. Nd4
g5 35. hxg5 hxg5 36. Rb7 Kg6 37. Rb8 g4 38. Kg1 Kg7 39. Rb7 Kg6 40. Rb8 Ne7 41.
Re8 Ra7 42. Kg2 Kg7 43. Rd8 Ng6 44. Nc6 Ra6 45. Rc8 Ra2 46. Rc7 Rc2 47. Rc8 Nxe5
48. Ne7 Ra2 49. Rc3 f5 50. Nc6 Nf3 51. Kf1 Ra1+ 52. Ke2 Kf6 53. Nb4 e5 54. Rc8
e4 55. Ke3 Ng5 56. Rc6+ Ne6 57. Nd5+ Ke5 58. Nc3 Ra3 59. Rc8 Rb3 60. Kd2 Rb2+
61. Ke3 Rc2 62. Rc4 Rb2 63. Rc8 Rb3 64. Kd2 Ra3 65. Rc4 Ra8 66. Rb4 Rd8+ 67. Ke1
Nd4 68. Ra4 Rc8 69. Kd2 Nf3+ 70. Kc2 Rh8 71. Ra5+ Ke6 72. Ne2 Rh2 73. Nf4+ Kf6
74. Ra6+ Kf7 75. Ra7+ Ke8 76. Ra8+ Kd7 77. Rf8 Rxf2+ 78. Kc3 e3 79. Rxf5 e2 80.
Nxe2 Rxe2 81. Rf4 Ne5 82. Kd4 Ke6 83. Rf8 Nf3+ 84. Kd3 Re5 85. Rf4 Rf5 86. Ra4
Kf6 87. Ke3 Kg5 88. Ra8 Re5+ 89. Kf2 Re6 90. Rg8+ Kf5 91. Rf8+ Rf6 92. Rg8 Ng5
93. Ra8 Ne4+ 94. Kg2 Rd6 95. Ra5+ Kg6 96. Ra4 Rd2+ 97. Kg1 Kf5 98. Rb4 Rd3 99.
Rb5+ Kf6 100. Kh2 Rxg3 101. Rb8 Rd3 102. Rg8 Rd2+ 103. Kg1 Kf5 104. Rf8+ Ke5
105. Kf1 Ng5 106. Kg1 Ra2 107. Kf1 Ke4 108. Kg1 Ke3 109. Kf1 Rb2 110. Rf6 Ne4
111. Rg6 Kf3 0-1

[Event "American Cup Blitz 2023"]
[Site "Saint Louis USA"]
[Date "2023.03.26"]
[Round "9.4"]
[White "Durarbayli, Vasif"]
[Black "Shankland, Sam"]
[Result "1-0"]
[WhiteTitle "GM"]
[BlackTitle "GM"]
[WhiteElo "2635"]
[BlackElo "2710"]
[WhiteFideId "13402935"]
[BlackFideId "2004887"]
[EventDate "2023.03.26"]

1. e4 e5 2. Nc3 Nf6 3. d4 exd4 4. Qxd4 Nc6 5. Qd3 Be7 6. Bf4 d6 7. O-O-O O-O 8.
h4 Be6 9. a3 Ne5 10. Qe3 c6 11. Bxe5 Ng4 12. Qg3 Nxe5 13. f4 Qa5 14. fxe5 dxe5
15. Nf3 f6 16. Nd2 b5 17. Nb3 Qb6 18. Be2 a5 19. Bg4 Bf7 20. Rd7 Rfe8 21. Nd1 a4
22. Nd2 b4 23. axb4 Bxb4 24. Nc4 Qc5 25. Na3 Red8 26. Qe3 Rxd7 27. Bxd7 Qd6 28.
Bg4 Rd8 29. Kb1 Rb8 30. Ka1 Kf8 31. Qd3 Qe7 32. Ne3 Rd8 33. Nf5 Rxd3 34. Nxe7
Rg3 35. Nxc6 Bxa3 36. Bf3 Bc5 37. Rd1 Be8 38. Rd8 g6 39. Rc8 Bd6 40. c4 f5 41.
c5 Bxc5 42. Nxe5 Bd4 43. Nc6 Bf6 44. e5 Bxh4 45. e6 g5 46. e7+ 1-0